000 01274nam a22003617a 4500
003 CHAP
005 20220329135456.0
008 971013s1970 r 00010 d
010 _a37148
011 _a38120
035 _a42240
040 _cCHAP
090 _aTesis
100 0 0 _aPalacios Román, Franklin.
_984830
245 _aReacción de diversas variedades de trigo el pulgón de la espiga. (Macrosiphum avenae Fabricius) (Homoptera: Aphididae)
260 _aChapingo, Méx. :
_bEl autor,
_c1970
300 _a71 h.
_b: ilus.
500 _ac.4-5 en bodega
502 _aTesis (Maestro en Ciencias) -- ENA. Colegio de Postgraduados
590 _aALEPH
_b10
_c20130110
_lUCH01
_h1302
590 _aBATCH-UPD
_b10
_c20130110
_lUCH01
_h2118
590 _aBATCH-UPD
_b10
_c20130410
_lUCH01
_h1428
590 _aBATCH-UPD
_b10
_c20130914
_lUCH01
_h1553
590 _aCONVERSION
_b10
_c20130109
_lUCH01
_h1321
650 1 4 _aMacrosiphum granarium.
_969559
650 1 4 _aTrigo
_xVariedades resistentes a plagas.
_9115121
710 0 _aENA. Colegio de Postgraduados. Chapingo, Méx.
_936679
901 _aBK
942 _cFOLL
949 _bBC
_cTES
_d-97287
_eTS1
_i42240
_si
949 _bBC
_cTES
_d-97288
_eTS2
_fc.2
_i42240
_si
949 _bBC
_cTES
_d-97289
_eTS2
_fc.3
_i42240
_si
999 _c37148
_d37148